000
00266nam a2200109Ia 4500
008
200302s9999 xx 000 0 und d
100
_a
Brian Mooney
245
_a
Shaping History 100 great leaders
260
_b
Indigo Books Canada
260
_c
2004
300
_a
207 P.,
999
_c
4129
_d
4129